00848cam a22002294a 4500020004100000040000800041082002600049245011600075246004100191246002300232260005200255300002500307650001200332650001200344650003700356650002600393700002000419700002300439942001000462999001700472952012900489 a1586841556 (paper back : alk. paper) cDLC00a296 GLO 2001 C154 Or.04aThe 2001 Mathers lecture, the 2001 Rosen lecture, and other Queen's University essays in the study of Judaism /30aTwo thousand and one Mathers lecture30a2001 Rosen lecture aBinghamton, N.Y. :bGlobal Publications,c2001. aix, 132 p. ;c21 cm. 0aJudaism 0aJudaism 0aChristianity and other religions 0aRabbinical literature1 aNeusner, Jacob,1 aAkenson, Donald H. cAEDBB c18934d18934 0010406296_000000000000000_GLO_2001_C154_OR70983653aLBCbLBCd2020-02-12eA36078o296 GLO 2001 C154 Or.r2020-02-12yEK